Wellspring of Magic (Record no. 11709)

MARC details
000 -LEADER
fixed length control field 00233nam a22000977a 4500
008 - FIXED-LENGTH DATA ELEMENTS--GENERAL INFORMATION
fixed length control field 200110b ||||| |||| 00| 0 eng d
020 ## - INTERNATIONAL STANDARD BOOK NUMBER
International Standard Book Number 9781596351479
100 ## - MAIN ENTRY--PERSONAL NAME
Personal name Fields Jan
9 (RLIN) 7396
245 ## - TITLE STATEMENT
Title Wellspring of Magic
260 ## - PUBLICATION, DISTRIBUTION, ETC. (IMPRINT)
Place of publication, distribution, etc. USA
Date of publication, distribution, etc. 2007
Holdings
Withdrawn status Lost status Source of classification or shelving scheme Damaged status Koha normalized classification for sorting Not for loan Home library Current library Shelving location Date acquired Total Checkouts Full call number Barcode Date last seen Price effective from Koha item type
    Dewey Decimal Classification   816_800000000000000_JUNLIB   Good Samaritan School Library Good Samaritan School Library FICTION 01/10/2020   816.8 JUNLIB FIE15754 01/10/2020 01/10/2020 BOOK

Powered by Koha